00509nam a2200133 a 450000100100000000500170001000800410002704000250006808200150009311001010010824500380020926001010024730000270034800002981820200930055829.0110426s1987 dr a 000 0 spa d aDO-SdBNPbspacBNPHU axxxbR426t1 aRepública Dominicana.bSecretaría de Estado de Deportes, Educación Física y Recreación10aTécnica y tactica de balonmano. aSanto Domingo :bSecretaría de Estado de Deportes, Educación Física y Recreación,c1987. a11 p. :bil. ;c18 cm.